KOHA-Header-6

Advanced Vocabulary in Context (Record no. 9877)

000 -LEADER
fixed length control field 00240nam a2200109Ia 4500
020 ## - INTERNATIONAL STANDARD BOOK NUMBER
ISBN 978-1873630129
100 ## - MAIN ENTRY--AUTHOR NAME
Personal name Donald Watson
245 #0 - TITLE STATEMENT
Title Advanced Vocabulary in Context
260 ## - PUBLICATION, DISTRIBUTION, ETC. (IMPRINT)
Place of publication India
Name of publisher Cambridge
Year of publication 1984
300 ## - PHYSICAL DESCRIPTION
Number of Pages 337
942 ## - ADDED ENTRY ELEMENTS (KOHA)
Koha item type Books
Holdings
Withdrawn status Lost status Collection code Permanent Location Current Location Shelving location Date acquired Full call number Accession Number Koha item type
    Reference MAJU MAJU Shelf No.A39 REF 2019-09-14 302.25 5892 Books

Powered by Koha